000 00992nam a2200265Ia 4500
003 OSt
005 20221005105254.0
006 a|||||r|||| 00| 0
007 ta
008 221004b |||||||| |||| 00| 0 hin d
020 _a8189859110 (hbk)
_c600
024 _a25613
037 _b367, 08/03/2016, Eastern Book Linkers
_cTextual
040 _aCRL
_cCRL
_bhin
041 _2hin
_ahin
082 _aO152:g(R5), Q3
100 _aचौबे, देवेन्द्र
245 0 _aसाहित्य का नया सौंदर्यशास्त्र
246 _aSāhitya kā nayā sauandaryashāstra
260 _aनई दिल्ली
_bकिताबघर प्रकाशन भारत
_c2013
300 _a440पृ0
_ccm.
650 _aहिन्दी साहित्य
942 _hO152:g(R5), Q3
_cTEXL
_2cc
999 _c1015332
_d1015332